| 000 | 00000nas##2200000za#4500 |
|---|---|
| 001 | 9.513158 |
| 003 | CaOODSP |
| 005 | 20240212134141 |
| 007 | ta |
| 008 | 150406c1993||||xxc|| m #||||f| |0fre|d |
| 022 | |a0825-0189 |
| 040 | |aCaOODSP|bfre |
| 043 | |an-cn--- |
| 086 | 1 |aNE12-3F |
| 110 | 1 |aCanada. |bOffice national de l'énergie. |
| 245 | 10|aBulletin d'information |
| 260 | |aCalgary - Alberta : |bOffice national de l'énergie |
| 563 | |aPolycopié |
| 775 | 08|tInformation bulletin |w(CaOODSP)9.514804 |
| 776 | 0#|tBulletin d'information |w(CaOODSP)9.503172 |